BUBT Library Online Catalog

Income tax manual (Record no. 9)

000 -LEADER
fixed length control field 00377nam a22001217a 4500
008 - FIXED-LENGTH DATA ELEMENTS--GENERAL INFORMATION
fixed length control field 140128b xxu||||| |||| 00| 0 eng d
110 ## - MAIN ENTRY--CORPORATE NAME
9 (RLIN) 12
Corporate name or jurisdiction name as entry element Bangladesh Government
245 ## - TITLE STATEMENT
Title Income tax manual
Statement of responsibility, etc. Ministry of Finance, Govt. of Bnagladesh
Remainder of title (part-II)
260 ## - PUBLICATION, DISTRIBUTION, ETC. (IMPRINT)
Place of publication, distribution, etc. Dhaka
Name of publisher, distributor, etc. BG Press Bnagladesh
Date of publication, distribution, etc. c1999
300 ## - PHYSICAL DESCRIPTION
Extent 100p
610 #0 - SUBJECT ADDED ENTRY--CORPORATE NAME
9 (RLIN) 11
Corporate name or jurisdiction name as entry element Bnagladesh Goverment Publication
942 ## - ADDED ENTRY ELEMENTS (KOHA)
Source of classification or shelving scheme
Koha item type Books
Holdings
Withdrawn status Lost status Source of classification or shelving scheme Damaged status Not for loan Collection code Permanent location Current location Date acquired Inventory number Total Checkouts Date last seen Price effective from
          Reference Bangladesh University of Business and Technology Library Bangladesh University of Business and Technology Library 01/28/2014 9   01/28/2014 01/28/2014

More Information About Library

Library Hours

  • Open: 9.00 am. to 9.00 pm.
  • Only Sunday: 9.00 am. to 6.00 pm.
  • Closed: Holiday

Contact to the University

Bangladesh University of Business and Technology Library

  • Mirpurl-2, 1216.
  • Phone:
  • Fax:
  • E-Mail: admin.library@bubt.edu.bd

Contact to the Library

Contact Person:

Md. Abdul Hakim Shah
Joint Librarian
PABX No:  113
Cell No: 01816332931
E-mail: official: admin.library@bubt.edu.bd
Personal: hakim.shah@bubt.edu.bd


BUBT Library

Copyright © 2021